Online
Catalog

Enamórate de Jesucristo : (Record no. 1471)

MARC details
000 -CABECERA
campo de control de longitud fija 02677nam a2200277 a 4500
001 - NÚMERO DE CONTROL
campo de control 000001574
005 - FECHA Y HORA DE LA ÚLTIMA TRANSACCIÓN
campo de control 20200929145626.0
008 - DATOS DE LONGITUD FIJA--INFORMACIÓN GENERAL
campo de control de longitud fija 090623s2003 dr a 001 0 spa d
040 ## - FUENTE DE LA CATALOGACIÓN
Centro catalogador/agencia de origen DO-SdBNP
Lengua de catalogación spa
Centro/agencia transcriptor BNPHU
082 ## - NÚMERO DE LA CLASIFICACIÓN DECIMAL DEWEY
Número de clasificación 231.7
Número de documento/Ítem J61e
100 1# - ENTRADA PRINCIPAL--NOMBRE DE PERSONA
Nombre de persona Jiménez Paniagua, Jesús,
Fechas asociadas al nombre 1941-
9 (RLIN) 5155
245 10 - MENCIÓN DE TÍTULO
Título Enamórate de Jesucristo :
Resto del título (pinceladas de amor de Dios) /
Mención de responsabilidad, etc. Jesús Jiménez Paniagua.
246 14 - FORMA VARIANTE DE TÍTULO
Título propio/Titulo breve Enamórate de Jesucristo :
Resto del título (pinceladas de amor de Dios). El libro que nos enseña a amar y a sentirnos amado por Dios
260 ## - PUBLICACIÓN, DISTRIBUCIÓN, ETC.
Lugar de publicación, distribución, etc. Santo Domingo :
Nombre del editor, distribuidor, etc. Instituto Técnico Salesiano,
Fecha de publicación, distribución, etc. 2003.
300 ## - DESCRIPCIÓN FÍSICA
Extensión 112 p. :
Otras características físicas il. ;
Dimensiones 21 cm.
500 ## - NOTA GENERAL
Nota general Incluye carta del Mons. Francisco José Arnaiz, Obispo Auxiliar: p. 7
500 ## - NOTA GENERAL
Nota general Incluye datos biográficos del autor en la contracubierta
504 ## - NOTA DE BIBLIOGRAFÍA, ETC.
Nota de bibliografía, etc. Bibliografía : p. 112
505 0# - NOTA DE CONTENIDO CON FORMATO
Información miscelánea Presentación --
Título Carta de Monseñor Arnaiz --
-- Introducción --
-- Dios es amor --
-- El amor (poema) --
-- Dios te ama --
-- La fuente del amor --
-- También tú puedes amar --
-- Cuando se ama, llega la felicidad --
-- Pinceladas de amor (poema) --
-- Abrazados en el corazón --
-- El acto más sublime del amor de Dios --
-- Más sobre el sacramento del amor --
-- Oración de San Alfonso María de Ligorio --
-- Abrirse al amor de Dios y a su salvación --
-- Con amor eterno --
-- Nuevo mandamiento --
-- En las palmas de sus manos --
-- Valoriza tu vida --
-- Amor al prójimo --
-- Ama y actúa --
-- Amor en la familia --
-- Por amor al hombre envió Dios a su hijo único --
-- Dios te ha elegido por el amor que te tiene --
-- Dios, "el que es", en verdad y amor --
-- Amor eterno, gratuito de Dios --
-- Valor de la salvación --
-- Dar respuesta de Fé a Jesús --
-- La grandeza de Dios y debilidad del hombre --
-- De la ternura y el amor de Dios --
-- En la palma de mis manos --
-- Sólo el amor de Dios libera --
-- Vivencia del amor de Dios --
-- El amor, don de Dios --
-- No retiraré mi amor --
-- No retiraré mi amor --
-- El amor --
-- Dios me ama a mí --
-- Nada más perfecto que el amor --
-- Ser amado y amar --
-- Hacia el verdadero amor --
-- El padre me ama --
-- El amor a Jesús por encima de todas las cosas --
-- Amar a Dios, no con amor humano --
-- Mi hijo amado --
-- Amar a Dios de corazón --
-- Firmeza del amor de Dios --
-- Lema del cristiano: amar y servir --
-- El señorío de Jesús, en mi vida, en tu vida --
-- Por amor has sido elegido --
-- Todo lo puedo en aquel que me fortalece --
-- Has presente a Jesús en tu vida.
590 ## - NOTA LOCAL (RLIN)
Nota local Inventariado, 2018/BT
650 #4 - PUNTO DE ACCESO ADICIONAL DE MATERIA--TÉRMINO DE MATERIA
Término de materia o nombre geográfico como elemento de entrada Jesucristo
9 (RLIN) 1304
650 #4 - PUNTO DE ACCESO ADICIONAL DE MATERIA--TÉRMINO DE MATERIA
Término de materia o nombre geográfico como elemento de entrada Amor de dios
Subdivisión general Enseñanza bíblica
9 (RLIN) 5156
650 #4 - PUNTO DE ACCESO ADICIONAL DE MATERIA--TÉRMINO DE MATERIA
Término de materia o nombre geográfico como elemento de entrada Biblia n.t
Subdivisión general Comentarios
9 (RLIN) 5157
650 #4 - PUNTO DE ACCESO ADICIONAL DE MATERIA--TÉRMINO DE MATERIA
Término de materia o nombre geográfico como elemento de entrada Virgen maría
9 (RLIN) 5158
910 ## - DATOS DE OPCIÓN DEL USUARIO (OCLC)
Datos de opción del usuario Validado. Control de calidad. EMS
Holdings
Estado de retiro Estado de pérdida Restricciones de uso No para préstamo Código de colección Localización permanente Ubicación/localización actual Ubicación en estantería Fecha de adquisición Número de inventario Total de préstamos Signatura topográfica completa Código de barras Fecha visto por última vez Número de copia Precio válido a partir de Tipo de ítem Koha
        Dominicana de Servicio General General Depósito 11.09.2009 LF1   231.7 J61e 1574-30 25.06.2020 e. 3 25.06.2020 Libro y Folleto Colección Dominicana de Servicio
      Excluido de préstamo Patrimonio Dominicano Patrimonio Dominicano Patrimonio Dominicano Depósito 11.09.2009 LF1   231.7 J61e 1574-10 25.06.2020   25.06.2020 Libro y Folleto Colección Patrimonio Dominicano
      Excluido de préstamo Patrimonio Dominicano Patrimonio Dominicano Patrimonio Dominicano Depósito 11.09.2009 LF1   231.7 J61e 1574-20 25.06.2020 e. 2 25.06.2020 Libro y Folleto Colección Patrimonio Dominicano

Powered by Koha